[Event "8th ch-Euro"]
[Site "Dresden GER"]
[Date "2007.04.06"]
[Round "4"]
[White "Jenni,F"]
[Black "Riazantsev,A"]
[Result "1/2-1/2"]
[WhiteElo "2519"]
[BlackElo "2629"]
[EventDate "2007.04.03"]

1. e4 c6 2. d4 d5 3. e5 Bf5 4. Be3 Qb6 5. Qc1 e6 6. Nf3 Ne7 7. Nbd2 Bg6 8.
c4 Nd7 9. c5 Qa5 10. a3 f6 11. b4 Qd8 12. exf6 gxf6 13. Nh4 Bg7 14. g3 Nf5
15. Nxf5 Bxf5 16. Be2 e5 17. Nf3 O-O 18. O-O Bg4 19. Qd2 Qe8 20. Rfe1 e4
21. Nh4 Bxe2 22. Qxe2 f5 23. Ng2 Rf7 24. Nf4 Nf8 25. Qd2 Re7 26. Rab1 Ne6
27. Nxe6 Rxe6 28. b5 Re7 29. a4 Qg6 30. a5 h5 31. bxc6 bxc6 32. a6 Rf7 33.
Rb7 Raf8 34. Bf4 h4 35. Reb1 h3 36. Kf1 Qf6 37. R1b4 Qg6 38. Qd1 Bh6 39.
Rxf7 Rxf7 40. Qd2 Bg7 41. Rb8+ Kh7 42. Rb7 Kg8 43. Ke1 Bf6 44. Qd1 Qg7 45.
Rb8+ Rf8 46. Rb4 Qg6 47. Ke2 Bg5 48. Qc1 Bd8 49. Rb3 Qg4+ 50. Ke1 Ba5+ 51.
Kf1 Bd8 52. Qd2 Bf6 53. Ke1 Rf7 54. Qe3 Kh7 55. Rb8 Qg7 56. Rb4 Qh8 57. Qe2
Kg6 58. Qb2 Qd8 59. Qa3 Bg5 60. Rb8 Qf6 61. Be5 Qe6 62. Rg8+ Kh6 63. Bf4
Bxf4 64. gxf4 Kh7 65. Rg3 Rg7 66. Rxh3+ Kg8 67. Rg3 Qc8 68. Kf1 Qb8 69.
Rxg7+ Kxg7 70. Qg3+ Kf7 71. Qg5 Qb5+ 72. Kg2 Qxa6 73. Qxf5+ Ke7 74. Qe5+
Kf7 75. Qh5+ Ke7 76. Qe5+ Kf7 77. Qc7+ Kf8 78. Qd8+ Kf7 79. Qd7+ Kf8 80.
Qd6+ Kf7 81. f5 Qd3 82. Qg6+ Kf8 83. Qf6+ Kg8 84. Qg5+ Kf8 85. h4 Qf3+ 86.
Kg1 Qd1+ 87. Kg2 Qf3+ 88. Kg1 Qd1+ 89. Kh2 Qxd4 90. Qh6+ Kf7 91. Qe6+ Kf8
92. Qd6+ Kf7 93. Qg6+ Ke7 94. Qe6+ Kf8 95. Kg2 Qg7+ 96. Kh3 Qc3+ 97. Kh2
Qxc5 98. Kg2 Qe7 99. Qxc6 Qxh4 100. Qd6+ Qe7 101. Qxd5 Qg5+ 102. Kf1 Qc1+
103. Ke2 Qc2+ 104. Ke3 Qd3+ 105. Qxd3 exd3 106. Kxd3 1/2-1/2

[Event "8th ch-Euro"]
[Site "Dresden GER"]
[Date "2007.04.06"]
[Round "4"]
[White "Howell,D"]
[Black "Graf,A"]
[Result "1-0"]
[WhiteElo "2501"]
[BlackElo "2610"]
[EventDate "2007.04.03"]

1. e4 e5 2. Nf3 Nc6 3. Bb5 a6 4. Ba4 Nf6 5. O-O Be7 6. Re1 b5 7. Bb3 d6 8.
c3 O-O 9. h3 Na5 10. Bc2 c5 11. d4 Nd7 12. d5 Nb6 13. Nbd2 f5 14. exf5 Bxf5
15. Bxf5 Rxf5 16. b4 Nb7 17. Ne4 Rc8 18. Be3 Qd7 19. a4 Nxa4 20. Rxa4 bxa4
21. bxc5 dxc5 22. c4 Na5 23. Nfd2 Rb8 24. Bxc5 Bxc5 25. Nxc5 Qa7 26. Nde4
Nb3 27. Nxa4 Rb4 28. Nac3 Qd4 29. Qg4 g6 30. d6 Rb8 31. Rd1 Qa7 32. Nd5 Kg7
33. Nc7 Nd4 34. c5 Qb7 35. Ng3 Rf7 36. Qg5 Nc6 37. Ne6+ Kh8 38. Qg4 Qd7 39.
Ng5 Rg7 40. Qc4 a5 41. N3e4 Qf5 42. Qa6 Nd4 43. c6 h6 44. d7 Rbg8 45. Qxa5
Nxc6 46. Qd5 Nd4 47. d8=Q Rxd8 48. Qxd8+ Rg8 49. Rxd4 hxg5 50. Ng3 Qf7 51.
Rd7 1-0

[Event "8th ch-Euro"]
[Site "Dresden GER"]
[Date "2007.04.06"]
[Round "4"]
[White "Maze,S"]
[Black "Mchedlishvili,M"]
[Result "1/2-1/2"]
[WhiteElo "2506"]
[BlackElo "2583"]
[EventDate "2007.04.03"]

1. e4 e5 2. Nf3 Nc6 3. Bb5 Nf6 4. d3 d6 5. O-O Bd7 6. Re1 Be7 7. c3 O-O 8.
d4 a6 9. Ba4 b5 10. Bc2 exd4 11. cxd4 Nb4 12. Bb3 c5 13. a3 Nc6 14. d5 Na5
15. Bc2 Bg4 16. Nc3 Nd7 17. Bf4 Ne5 18. Bxe5 dxe5 19. h3 Bxf3 20. Qxf3 c4
21. Nd1 Bc5 22. Ne3 Nb7 23. Qg3 Re8 24. Kh1 Bxe3 25. Qxe3 Nd6 26. b4 a5 27.
Reb1 Qc7 28. Kg1 Ra7 29. Qc3 Qb6 30. a4 axb4 31. Qxb4 Rea8 32. Qb2 Qd4 33.
Qxd4 exd4 34. e5 d3 35. Bxd3 cxd3 36. exd6 bxa4 37. Ra3 Kf8 38. Rxd3 a3 39.
Re3 Rd8 40. Ra1 a2 1/2-1/2

[Event "8th ch-Euro"]
[Site "Dresden GER"]
[Date "2007.04.06"]
[Round "4"]
[White "Laznicka,V"]
[Black "Stanojoski,Z"]
[Result "1-0"]
[WhiteElo "2593"]
[BlackElo "2504"]
[EventDate "2007.04.03"]

1. d4 Nf6 2. Nf3 g6 3. c4 Bg7 4. Nc3 d5 5. Bg5 Ne4 6. cxd5 Nxc3 7. bxc3
Qxd5 8. e3 Qa5 9. Qb3 Be6 10. Bc4 Bxc4 11. Qxc4 Nd7 12. O-O c6 13. Rab1 Nb6
14. Qb3 Rd8 15. c4 c5 16. d5 Rd7 17. e4 O-O 18. e5 Qa4 19. Rfc1 Qxb3 20.
axb3 Nc8 21. Kf1 b6 22. Re1 h6 23. Bh4 a5 24. Rbd1 Ra7 25. g4 e6 26. Nd2
Ne7 27. Ne4 exd5 28. cxd5 g5 29. Bg3 a4 30. bxa4 Rxa4 31. Nf6+ Kh8 32. Nd7
Rd8 33. e6 fxe6 34. dxe6 Rxg4 35. Bd6 Ng6 36. Nxb6 Kg8 37. e7 Re8 38. Nd5
Nxe7 39. Nxe7+ Kf7 40. Nf5 Rxe1+ 41. Rxe1 Bf8 42. Bxf8 Kxf8 43. Rc1 c4 44.
Ne3 Rh4 45. Kg2 1-0

[Event "8th ch-Euro"]
[Site "Dresden GER"]
[Date "2007.04.06"]
[Round "4"]
[White "Van der Weide,K"]
[Black "Nijboer,F"]
[Result "1/2-1/2"]
[WhiteElo "2476"]
[BlackElo "2638"]
[EventDate "2007.04.03"]

1. e4 e5 2. Nf3 Nc6 3. d4 exd4 4. Nxd4 Nf6 5. Nxc6 bxc6 6. e5 Qe7 7. Qe2
Nd5 8. c4 Nb6 9. Nc3 Qe6 10. Qe4 g6 11. Bd3 Bg7 12. f4 O-O 13. c5 Nd5 14.
O-O d6 15. exd6 cxd6 16. Nxd5 cxd5 17. Qxe6 Bxe6 18. cxd6 Rfd8 19. Rb1 Bd4+
20. Kh1 Rxd6 21. Bd2 Rc8 22. h3 Rb6 23. b3 Bc3 24. Bxc3 Rxc3 25. Rbd1 a5
26. Rf2 a4 27. bxa4 Rb4 28. f5 gxf5 29. Bxf5 Rxa4 30. Bc2 Rac4 1/2-1/2

[Event "8th ch-Euro"]
[Site "Dresden GER"]
[Date "2007.04.06"]
[Round "4"]
[White "Jussupow,Ar"]
[Black "Manolache,M"]
[Result "1/2-1/2"]
[WhiteElo "2599"]
[BlackElo "2491"]
[EventDate "2007.04.03"]

1. d4 Nf6 2. Nf3 g6 3. c4 Bg7 4. g3 b6 5. Nc3 Bb7 6. d5 O-O 7. Bg2 e6 8.
O-O exd5 9. cxd5 Re8 10. Bf4 d6 11. Qd2 Nbd7 12. Bh6 Bxh6 13. Qxh6 b5 14.
a3 a5 15. b4 axb4 16. axb4 Rxa1 17. Rxa1 Nxd5 18. Nxd5 Bxd5 19. Ng5 Qf6 20.
Bxd5 Qxa1+ 21. Kg2 Re7 22. Qxh7+ Kf8 23. Bxf7 Qg7 24. Ne6+ Rxe6 25. Qxg7+
Kxg7 26. Bxe6 Nb6 27. Kf3 c5 28. Ke4 Kf6 29. bxc5 dxc5 30. Ba2 Na4 31. Kd3
g5 32. h4 gxh4 33. gxh4 Ke5 34. Bg8 c4+ 35. Kd2 Kf4 36. f3 Nc5 37. Kc3 Nd7
38. Kd4 Nf6 39. Bf7 c3 40. Bb3 b4 41. Bd1 Nh5 42. e4 Ng3 43. Kd3 Nh5 44.
Kc4 Ng3 45. Bc2 Kxf3 46. e5 Kg4 47. Kxb4 Kxh4 48. Kxc3 Kg5 49. Kd4 Nh5 50.
Kc5 Ng7 51. Kd6 Kf4 52. Bg6 Ke3 53. Ke7 Kd4 54. Kf6 Kd5 55. Bf7+ Kd4 56.
Kxg7 Kxe5 1/2-1/2

[Event "8th ch-Euro"]
[Site "Dresden GER"]
[Date "2007.04.06"]
[Round "4"]
[White "Iljushin,A"]
[Black "Roiz,M"]
[Result "1/2-1/2"]
[WhiteElo "2510"]
[BlackElo "2605"]
[EventDate "2007.04.03"]

1. d4 d5 2. c4 e6 3. Nf3 Nf6 4. g3 Bb4+ 5. Bd2 Be7 6. Bg2 c6 7. Qc2 O-O 8.
O-O b6 9. Bf4 Ba6 10. b3 Nbd7 11. Rd1 Rc8 12. Nc3 Re8 13. e4 dxc4 14. Nd2
b5 15. bxc4 bxc4 16. Na4 c5 17. d5 exd5 18. exd5 Nh5 19. Be3 Ne5 1/2-1/2

[Event "8th ch-Euro"]
[Site "Dresden GER"]
[Date "2007.04.06"]
[Round "4"]
[White "Nechepurenko,R"]
[Black "Bartel,Mat"]
[Result "1/2-1/2"]
[WhiteElo "2481"]
[BlackElo "2587"]
[EventDate "2007.04.03"]

1. Nf3 f5 2. g3 g6 3. Bg2 Bg7 4. O-O Nf6 5. c4 O-O 6. Nc3 d6 7. d4 Na6 8.
Re1 c5 9. d5 Nc7 10. Qd3 Rb8 11. a4 b6 12. Bg5 a6 13. b3 b5 14. axb5 axb5
15. Ra7 b4 16. Na4 Rb7 17. Rxb7 Bxb7 18. Nh4 Ng4 19. h3 Ne5 20. Qc2 Nf7 21.
Bd2 Bf6 22. Nf3 e6 23. dxe6 Nxe6 24. Nb2 Be4 25. Nd3 d5 26. cxd5 Qxd5 27.
Rc1 Nd6 28. Be3 Nb5 29. Qc4 Nc3 30. Qxd5 Bxd5 31. Bf1 Ne4 32. Nd2 Nxd2 33.
Bxd2 Be7 34. Be3 Bxb3 35. Nxc5 Nxc5 36. Bxc5 Bxc5 37. Rxc5 Rb8 38. e3 Be6
39. Bd3 Rd8 40. Bc4 Bxc4 41. Rxc4 Rb8 42. Rc2 b3 43. Rb2 Kf7 44. Kf1 Ke6
45. Ke2 Ke5 46. Kd3 Kd5 47. f3 Kc5 48. Kc3 Re8 49. Re2 1/2-1/2

[Event "8th ch-Euro"]
[Site "Dresden GER"]
[Date "2007.04.06"]
[Round "4"]
[White "Bromberger,S"]
[Black "Grigoriants,S RUS"]
[Result "1/2-1/2"]
[WhiteElo "2495"]
[BlackElo "2592"]
[EventDate "2007.04.03"]

1. e4 c6 2. d4 d5 3. e5 Bf5 4. Nf3 e6 5. Be2 Nd7 6. O-O Ne7 7. Nbd2 c5 8.
c4 a6 9. dxc5 Nxc5 10. Nb3 Nd7 11. Bg5 dxc4 12. Nbd4 Nb6 13. Nxf5 Qxd1 14.
Nxg7+ Bxg7 15. Rfxd1 h6 16. Bf6 Bxf6 17. exf6 Ned5 18. Ne5 Rc8 19. Rac1
Nxf6 1/2-1/2

[Event "8th ch-Euro"]
[Site "Dresden GER"]
[Date "2007.04.06"]
[Round "4"]
[White "Kritz,L"]
[Black "Geller,J"]
[Result "1-0"]
[WhiteElo "2597"]
[BlackElo "2490"]
[EventDate "2007.04.03"]

1. e4 c5 2. Nf3 e6 3. d4 cxd4 4. Nxd4 a6 5. Bd3 Bc5 6. Nb3 Ba7 7. Qe2 Nc6
8. Be3 d6 9. Nc3 Nf6 10. O-O Bxe3 11. Qxe3 O-O 12. f4 e5 13. f5 b5 14. Rad1
Nb4 15. a3 Nxd3 16. Rxd3 Qc7 17. Nd5 Nxd5 18. Rxd5 f6 19. Rfd1 Rd8 20. R5d3
Bb7 21. Rc3 Qb8 22. Na5 Bxe4 23. Qxe4 Qb6+ 24. Qe3 Qxa5 25. b4 Qa4 26. Qb6
a5 27. Rxd6 Rxd6 28. Qxd6 axb4 29. Qe6+ Kf8 30. Rc7 1-0

[Event "8th ch-Euro"]
[Site "Dresden GER"]
[Date "2007.04.06"]
[Round "4"]
[White "Vitiugov,N"]
[Black "Ragger,M"]
[Result "1-0"]
[WhiteElo "2604"]
[BlackElo "2487"]
[EventDate "2007.04.03"]

1. d4 Nf6 2. c4 e6 3. Nc3 Bb4 4. e3 O-O 5. Bd3 c5 6. Nf3 d5 7. O-O dxc4 8.
Bxc4 Nbd7 9. a3 cxd4 10. Nb5 Be7 11. Nbxd4 e5 12. Nf5 Nb6 13. Nxe7+ Qxe7
14. Be2 Bg4 15. Bd2 Rfd8 16. Rc1 Ne4 17. Bb4 Qf6 18. Qc2 Bf5 19. Qc7 Nd5
20. Qxe5 Qxe5 21. Nxe5 Nxb4 22. axb4 Rd2 23. Bf3 Rd5 24. g4 Rxe5 25. gxf5
h6 26. Rfd1 Rae8 27. Rc4 b6 28. Rdd4 Nf6 29. Bc6 Rc8 30. e4 Re7 31. f4 b5
32. Rc3 Rec7 33. Ba8 Rxc3 34. bxc3 Rxc3 35. e5 Ng4 36. Rd8+ Kh7 37. Be4 Rc7
38. Kg2 g6 39. Kf3 h5 40. fxg6+ fxg6 41. Rd6 Rg7 42. h3 Nh6 43. Kg3 Nf7 44.
Rd7 Nh6 45. Rxg7+ Kxg7 46. Kh4 Ng8 47. Kg5 Ne7 48. e6 Nd5 49. Bxg6 Kf8 50.
Be4 Nc7 51. f5 Ke7 52. Bc6 h4 53. Kg6 a6 54. Kg7 Kd6 55. Bd7 1-0

[Event "8th ch-Euro"]
[Site "Dresden GER"]
[Date "2007.04.06"]
[Round "4"]
[White "Popov,Val"]
[Black "Iotov,V"]
[Result "1/2-1/2"]
[WhiteElo "2590"]
[BlackElo "2505"]
[EventDate "2007.04.03"]

1. d4 Nf6 2. c4 e6 3. Nc3 Bb4 4. e3 O-O 5. Nge2 d5 6. a3 Be7 7. Ng3 c6 8.
Bd3 Re8 9. O-O Nbd7 10. Bd2 e5 11. cxd5 cxd5 12. Qb3 e4 13. Bb5 a6 14. Bxd7
Qxd7 15. Na4 Rb8 16. Nb6 Qd6 17. Nxc8 Rexc8 18. Nf5 Qd7 19. Nxe7+ Qxe7 20.
Rfc1 Qd7 21. h3 Rxc1+ 22. Rxc1 Rc8 23. Rxc8+ Qxc8 24. Qb6 h5 25. Bc3 Kh7
26. Qc5 Qd7 27. b3 Kg6 28. a4 Nh7 29. Qb6+ f6 30. Qb4 Ng5 31. Qc5 1/2-1/2

[Event "8th ch-Euro"]
[Site "Dresden GER"]
[Date "2007.04.06"]
[Round "4"]
[White "Iordachescu,V"]
[Black "Volke,K"]
[Result "1/2-1/2"]
[WhiteElo "2563"]
[BlackElo "2490"]
[EventDate "2007.04.03"]

1. e4 e5 2. Nf3 Nc6 3. Bc4 Bc5 4. c3 Nf6 5. d3 O-O 6. Bb3 d6 7. h3 a6 8.
Nbd2 Ba7 9. Nf1 d5 10. Qe2 d4 11. N1h2 Qd6 12. O-O Be6 13. Bxe6 fxe6 14.
cxd4 Bxd4 15. Be3 Rad8 16. Rad1 Bxe3 17. Qxe3 h6 18. Rd2 Nh5 19. g3 Rd7 20.
Rfd1 Rfd8 21. Kg2 Nf6 22. a3 Nd4 23. Nxd4 exd4 24. Qe1 c5 25. Rc2 Rc7 26.
b4 Nd7 27. Nf3 b6 28. Rdc1 e5 29. Nd2 Rdc8 30. Nc4 Qe6 31. Nb2 Qb3 32. Qd1
Qe6 33. Na4 Qb3 34. Nb2 Qe6 35. Na4 Qb3 36. Nb2 1/2-1/2

[Event "8th ch-Euro"]
[Site "Dresden GER"]
[Date "2007.04.06"]
[Round "4"]
[White "Guseinov,G"]
[Black "Karpatchev,A"]
[Result "1-0"]
[WhiteElo "2585"]
[BlackElo "2478"]
[EventDate "2007.04.03"]

1. e4 e5 2. Nf3 Nf6 3. d4 Nxe4 4. Bd3 d5 5. Nxe5 Nd7 6. Nxd7 Bxd7 7. O-O
Bd6 8. c4 c6 9. Nc3 O-O 10. cxd5 cxd5 11. Nxd5 Re8 12. Qh5 Bc6 13. Nc3 g6
14. Qh3 Bd7 15. Qf3 Nxc3 16. bxc3 Qc7 17. c4 Bxh2+ 18. Kh1 Bd6 19. c5 Bf8
20. Rb1 b6 21. Be4 Rac8 22. Bf4 Qd8 23. Bb7 Qh4+ 24. Kg1 Rcd8 25. c6 Be6
26. Bg3 Qg5 27. c7 Rxd4 28. Rfe1 Rc4 29. Rbd1 h5 30. Qd3 Qc5 31. Qd8 h4 32.
Be5 Rc2 33. Qf6 1-0

[Event "8th ch-Euro"]
[Site "Dresden GER"]
[Date "2007.04.06"]
[Round "4"]
[White "Atalik,S"]
[Black "Bindrich,F"]
[Result "0-1"]
[WhiteElo "2586"]
[BlackElo "2469"]
[EventDate "2007.04.03"]

1. Nf3 Nf6 2. c4 b6 3. g3 Bb7 4. Bg2 e6 5. O-O Be7 6. d4 O-O 7. Nc3 Ne4 8.
Qc2 f5 9. Ne5 Nd6 10. Bxb7 Nxb7 11. e4 fxe4 12. Qxe4 c6 13. d5 Nd6 14. Qe2
exd5 15. cxd5 Re8 16. Qd3 Bf8 17. Nc4 Nxc4 18. Qxc4 b5 19. Qb3 Kh8 20. Be3
Na6 21. Rac1 Bc5 22. Nd1 Qb6 23. Rxc5 Nxc5 24. Qc2 d6 25. b4 cxd5 26. bxc5
dxc5 27. Qxc5 Qxc5 28. Bxc5 Re2 29. a3 Rc2 30. Bd4 Rd2 31. Be5 d4 32. f4
Rc8 33. Nf2 Rcc2 34. f5 h5 35. g4 hxg4 36. Bf4 Re2 37. Bg3 a5 38. Rb1 Rc5
39. Rd1 b4 40. axb4 axb4 41. Nd3 Rb5 42. Nc1 Rb2 43. Bf2 Rb1 44. Bxd4 Rxf5
45. Kg2 Kh7 46. Rg1 Rd5 47. Be3 Kg6 48. h3 b3 49. Kf2 b2 50. Rxg4+ Kh7 51.
Rg1 Ra1 0-1

[Event "8th ch-Euro"]
[Site "Dresden GER"]
[Date "2007.04.06"]
[Round "4"]
[White "Petrosian,TL"]
[Black "Urban,K"]
[Result "1-0"]
[WhiteElo "2592"]
[BlackElo "2452"]
[EventDate "2007.04.03"]

1. e4 e6 2. d4 d5 3. Nd2 dxe4 4. Nxe4 Nd7 5. Nf3 Ngf6 6. Nxf6+ Nxf6 7. Bd3
c5 8. dxc5 Bxc5 9. Qe2 O-O 10. Bg5 h6 11. Bd2 Qb6 12. O-O-O Ng4 13. Rhf1 e5
14. Nxe5 Nxe5 15. Qxe5 Bd4 16. Qb5 Bxf2 17. Qa4 Bd4 18. c3 Be3 19. Qe4
Bxd2+ 20. Rxd2 g6 21. Qf4 Kh7 22. h4 h5 23. Qg5 Kg7 24. Re2 Qd6 25. Bc4 f6
26. Qe3 Bf5 27. Rd1 Qb8 28. Qe7+ Kh6 29. Qe3+ Kg7 30. Qe7+ Kh6 31. Rd6 Qc8
32. Qe3+ Kg7 33. Qe7+ Kh6 34. Bf7 Qc5 35. Rxf6 Qg1+ 36. Re1 Qxg2 37. Rxf5
gxf5 38. Re6+ 1-0

[Event "8th ch-Euro"]
[Site "Dresden GER"]
[Date "2007.04.06"]
[Round "4"]
[White "Sedlak,N"]
[Black "Iskusnyh,S"]
[Result "1/2-1/2"]
[WhiteElo "2561"]
[BlackElo "2482"]
[EventDate "2007.04.03"]

1. e4 c5 2. Nc3 d6 3. g3 Nc6 4. Bg2 g6 5. d3 Bg7 6. Nge2 e6 7. O-O Nge7 8.
Bg5 O-O 9. Qd2 e5 10. Rab1 Be6 11. a3 b6 12. b4 Rc8 13. Nd5 f6 14. Be3 Nd4
15. c4 Nxe2+ 16. Qxe2 Nc6 17. f4 exf4 18. Nxf4 Bd7 19. g4 Ne5 20. h3 Bh6
21. Kh1 Bxf4 22. Bxf4 g5 23. Be3 Be6 24. a4 Rc7 25. a5 h5 26. gxh5 Rh7 27.
bxc5 bxc5 28. a6 Qc8 29. Rb7 Bxh3 30. Rfb1 Bg4 31. Qf2 Rxh5+ 32. Kg1 Bh3
33. Qg3 Bxg2 34. Kxg2 Rh4 35. Kf1 Rh3 36. Qg1 Ng4 37. Bd2 Qe6 38. Ke2 Rh2+
39. Kd1 Rh1 40. Qxh1 Nf2+ 41. Kc2 Nxh1 42. Rxh1 Rf7 43. Rb8+ Rf8 44. Rb7
Rf7 45. Rb8+ Rf8 46. Rb7 1/2-1/2

[Event "8th ch-Euro"]
[Site "Dresden GER"]
[Date "2007.04.06"]
[Round "4"]
[White "Siebrecht,S"]
[Black "Kurnosov,I"]
[Result "1-0"]
[WhiteElo "2457"]
[BlackElo "2580"]
[EventDate "2007.04.03"]

1. d4 Nf6 2. Nf3 g6 3. c4 Bg7 4. g3 O-O 5. Bg2 d6 6. Nc3 Nc6 7. O-O Bg4 8.
d5 Na5 9. Nd2 c5 10. a3 Rc8 11. h3 Bd7 12. e4 e5 13. Qe2 Qb6 14. Rd1 a6 15.
Bf1 Nh5 16. Rb1 f5 17. exf5 Bxf5 18. Nce4 Nb3 19. Nxb3 Qxb3 20. Qd3 Qa4 21.
Bg2 b5 22. b3 bxc4 23. bxc4 Nf6 24. Bg5 Nxe4 25. Bxe4 Bxh3 26. Be7 Rf7 27.
Bg5 Rcf8 28. Rd2 Bf5 29. Rb6 Bxe4 30. Qxe4 Qxa3 31. Rxd6 Rf5 32. Qe3 h6 1-0

[Event "8th ch-Euro"]
[Site "Dresden GER"]
[Date "2007.04.06"]
[Round "4"]
[White "Zaragatski,I"]
[Black "Lupulescu,C"]
[Result "1-0"]
[WhiteElo "2445"]
[BlackElo "2566"]
[EventDate "2007.04.03"]

1. e4 c5 2. Nf3 d6 3. d4 cxd4 4. Nxd4 Nf6 5. Nc3 Nc6 6. f3 e6 7. Be3 a6 8.
Qd2 Qc7 9. O-O-O b5 10. Bxb5 axb5 11. Ndxb5 Qb8 12. Nxd6+ Bxd6 13. Qxd6
Qxd6 14. Rxd6 Bb7 15. b3 h5 16. a4 h4 17. h3 Rc8 18. Kb2 Rh5 19. Nb5 Ke7
20. Rd2 Ba8 21. c4 Ne5 22. Rc1 Nfd7 23. c5 f5 24. exf5 exf5 25. b4 Bc6 26.
Nd6 Ra8 27. b5 Rxa4 28. bxc6 Nxc6 29. Nc8+ Ke8 30. Nd6+ Ke7 31. Re1 Kf8 32.
Nxf5 Ra7 33. Nd6 Re5 34. Bf2 Rxe1 35. Bxe1 Nxc5 36. Bxh4 Ne5 37. Rd5 Ned3+
38. Kc3 Ra3+ 39. Kd4 Ne6+ 40. Ke4 Ra4+ 41. Kf5 Ndf4 42. Re5 g6+ 43. Kf6
Nxg2 44. Rxe6 Rf4+ 45. Kxg6 Rxf3 46. Kh7 1-0

[Event "8th ch-Euro"]
[Site "Dresden GER"]
[Date "2007.04.06"]
[Round "4"]
[White "Lopez Martinez,J"]
[Black "Womacka,M"]
[Result "1-0"]
[WhiteElo "2550"]
[BlackElo "2448"]
[EventDate "2007.04.03"]

1. e4 c5 2. Nf3 d6 3. d4 cxd4 4. Nxd4 Nf6 5. Nc3 a6 6. Be3 e5 7. Nb3 Be6 8.
f3 Nbd7 9. g4 Be7 10. Qd2 O-O 11. O-O-O b5 12. g5 b4 13. Ne2 Ne8 14. Ng3 a5
15. Kb1 a4 16. Nc1 Qb8 17. Nf5 Bd8 18. f4 b3 19. a3 d5 20. fxe5 dxe4 21.
Nd4 Nxe5 22. Nxe6 fxe6 23. cxb3 axb3 24. Qd4 Nf3 25. Qxe4 Nxg5 26. Qc6 Bf6
27. Rd3 Qe5 28. Bd4 Qf5 29. Qxa8 Bxd4 30. Nxb3 Nf6 31. Nxd4 Qxd3+ 32. Bxd3
Rxa8 33. Bc4 Ra4 34. Rc1 Nfe4 35. Nxe6 Nd2+ 36. Ka2 Rxc4 37. Rxc4 Nxe6 38.
Rc8+ Kf7 39. a4 Ne4 40. a5 Nd6 41. Rb8 Nc7 42. a6 Nxa6 43. Rb6 Ke6 44. Rxa6
g5 45. b4 h5 46. Kb3 g4 47. Ra5 Nf5 48. Rc5 h4 49. b5 g3 50. hxg3 hxg3 51.
Kb4 g2 52. Rc6+ Ke5 53. Rc1 Ke4 54. Rg1 Kf3 55. Kc5 Ng7 56. Kd5 Ne8 57. b6
Nf6+ 58. Kc6 1-0

[Event "8th ch-Euro"]
[Site "Dresden GER"]
[Date "2007.04.06"]
[Round "4"]
[White "Kotanjian,T"]
[Black "Esen,B"]
[Result "1-0"]
[WhiteElo "2524"]
[BlackElo "2447"]
[EventDate "2007.04.03"]

1. d4 d5 2. c4 c6 3. Nf3 Nf6 4. Nc3 e6 5. Bg5 Nbd7 6. cxd5 exd5 7. e3 Be7
8. Bd3 O-O 9. Qc2 Re8 10. O-O Nf8 11. h3 Ng6 12. Bxf6 Bxf6 13. b4 Qd6 14.
Rab1 Bd8 15. b5 c5 16. dxc5 Qxc5 17. Rfd1 Be6 18. Nxd5 Rc8 19. Bxg6 hxg6
20. Qd2 Qa3 21. Rb3 Qa4 22. Qb2 Rc5 23. Nc3 Qa5 24. Ra3 Qc7 25. Nd4 Bxh3
26. b6 axb6 27. gxh3 Rg5+ 28. Kf1 Qh2 29. Ke2 Rg2 30. Rf1 Bh4 31. Nd1 Qxh3
32. Qb5 Qg4+ 33. Nf3 Re4 34. Ra8+ Kh7 35. Rh1 g5 36. Qd5 f6 37. Kd3 Re7 38.
Rd8 Kg6 39. Ke2 Re5 40. Qd3+ Rf5 41. e4 Rf4 42. Rh8 Rxe4+ 43. Kf1 Qf5 44.
R8xh4 gxh4 45. Nxh4+ 1-0

[Event "8th ch-Euro"]
[Site "Dresden GER"]
[Date "2007.04.06"]
[Round "4"]
[White "Banusz,T"]
[Black "Cao Sang"]
[Result "0-1"]
[WhiteElo "2459"]
[BlackElo "2488"]
[EventDate "2007.04.03"]

1. Nf3 c5 2. c4 Nc6 3. d4 cxd4 4. Nxd4 g6 5. e4 Bg7 6. Be3 Nf6 7. Nc3 d6 8.
Be2 O-O 9. Qd2 Ng4 10. Bxg4 Bxg4 11. O-O Rc8 12. b3 Re8 13. Rac1 Qa5 14.
Nxc6 bxc6 15. h3 Be6 16. f4 Rcd8 17. Bd4 f6 18. f5 Bf7 19. Rcd1 Rd7 20. g4
e5 21. fxe6 Rxe6 22. Na4 Qc7 23. Nc3 g5 24. Rf3 Bg6 25. Rdf1 Rf7 26. Qf2
Qe7 27. c5 dxc5 28. Bxc5 Qc7 29. Re1 h5 30. Rd3 Re8 31. Re2 Qc8 32. Qf3
hxg4 33. hxg4 Rd7 34. Red2 Red8 35. Rxd7 Rxd7 36. Rd4 Bf8 37. Rc4 Bf7 38.
Bxf8 Bxc4 39. Qf5 Kxf8 40. bxc4 Qd8 41. e5 Rf7 42. e6 Qd4+ 43. Kg2 Rb7 44.
Ne2 Qe5 45. Qd3 Qxe6 46. Kf3 Rd7 47. Qg6 Qxc4 48. Qh6+ Ke7 49. Ng3 Rd3+ 50.
Kg2 Qd5+ 0-1

[Event "8th ch-Euro"]
[Site "Dresden GER"]
[Date "2007.04.06"]
[Round "4"]
[White "Mastrovasilis,D"]
[Black "Ardeleanu,A"]
[Result "1-0"]
[WhiteElo "2546"]
[BlackElo "2407"]
[EventDate "2007.04.03"]

1. e4 c5 2. Nf3 a6 3. c4 d6 4. d4 Bg4 5. dxc5 Bxf3 6. gxf3 Qa5+ 7. Nc3 dxc5
8. Qb3 Nd7 9. Qxb7 Rb8 10. Qc6 e6 11. Qa4 Qxa4 12. Nxa4 Ne7 13. Be3 Nc6 14.
O-O-O g6 15. f4 Rb4 16. b3 Rxa4 17. bxa4 Bg7 18. e5 Ke7 19. Bg2 Nd4 20.
Bxd4 cxd4 21. Rxd4 Nc5 22. Rhd1 Rc8 23. Rd6 g5 24. fxg5 Bxe5 25. Rc6 Rxc6
26. Bxc6 Bf4+ 27. Kc2 Bxg5 28. Rb1 Bf4 29. h3 Bc7 30. Rg1 Kf8 31. Rg5 Bd6
32. Kc3 a5 33. Kd4 f5 34. Rg1 Na6 35. Bb5 Nc5 36. Rb1 Ne4 37. Bc6 e5+ 38.
Kd5 Nc3+ 39. Kxd6 Nxb1 40. Kxe5 Ke7 41. c5 1-0

[Event "8th ch-Euro"]
[Site "Dresden GER"]
[Date "2007.04.06"]
[Round "4"]
[White "Pert,R"]
[Black "Bobras,P"]
[Result "1/2-1/2"]
[WhiteElo "2450"]
[BlackElo "2542"]
[EventDate "2007.04.03"]

1. d4 d5 2. c4 c6 3. cxd5 cxd5 4. Bf4 Nc6 5. e3 Nf6 6. Nc3 a6 7. Bd3 Bg4 8.
Nge2 e6 9. Qb3 Nb4 10. Bb1 Bxe2 11. Nxe2 Ra7 1/2-1/2

[Event "8th ch-Euro"]
[Site "Dresden GER"]
[Date "2007.04.06"]
[Round "4"]
[White "Georgiadis,I"]
[Black "Dizdar,G"]
[Result "1/2-1/2"]
[WhiteElo "2388"]
[BlackElo "2541"]
[EventDate "2007.04.03"]

1. e4 e6 2. d4 d5 3. Nc3 Bb4 4. e5 b6 5. a3 Bf8 6. Nf3 Ne7 7. h4 h6 8. h5
c5 9. Ne2 Ba6 10. c3 Nbc6 11. b4 Bc4 12. dxc5 bxc5 13. Nf4 Bxf1 14. Kxf1
Nc8 15. b5 Na5 16. Qa4 Qb6 17. g4 Nc4 18. Nd3 Be7 19. Rg1 Qa5 20. Qxa5 Nxa5
21. Be3 Nb6 22. a4 Rc8 23. Ke2 Nbc4 24. Nd2 Nxd2 25. Bxd2 Kd7 26. Rgb1 Rb8
27. Be3 Rhc8 28. f4 Rc7 29. Ra2 Nc4 30. Raa1 Na5 31. Bf2 Rcc8 32. Ra2 Rc7
33. Raa1 Rcc8 1/2-1/2

[Event "8th ch-Euro"]
[Site "Dresden GER"]
[Date "2007.04.06"]
[Round "4"]
[White "Strohhaeker,Rao"]
[Black "Romanishin,O"]
[Result "1/2-1/2"]
[WhiteElo "2386"]
[BlackElo "2572"]
[EventDate "2007.04.03"]

1. e4 e5 2. Nf3 Nc6 3. d4 exd4 4. Nxd4 Bc5 5. Be3 Qf6 6. Nb5 Bxe3 7. fxe3
Qh4+ 8. g3 Qd8 9. Qg4 g5 10. N1c3 Ne5 11. Qe2 d6 12. h3 c6 13. Nd4 h5 14.
O-O-O Qe7 15. Nf5 Bxf5 16. exf5 O-O-O 17. e4 Kb8 18. Qe3 Qf6 19. Be2 Ne7
20. Rd4 Nc8 21. Rhd1 Qh6 22. Kb1 g4 23. Qxh6 Rxh6 24. Rh1 Rdh8 25. Rdd1
gxh3 26. Rxh3 h4 27. g4 f6 28. Rdh1 Nf7 29. Kc1 Ng5 30. R3h2 h3 31. Kd2 Re8
32. Kd3 Nb6 33. Bf1 Nd7 34. Ke3 d5 35. Bd3 dxe4 36. Be2 Ne5 37. Kf4 Nef3
38. Bxf3 exf3 39. Nd1 Rh7 40. Kg3 Re2 41. Rxe2 fxe2 42. Nc3 Re7 43. Re1
Re3+ 44. Kf2 Rf3+ 45. Kxe2 Rg3 46. Nd1 Rg2+ 47. Kd3 h2 48. Rh1 Nh3 49. Ke3
Rxc2 50. Kf3 Ng5+ 51. Kg3 Rd2 52. Nf2 Rxb2 53. Rxh2 Rxa2 54. Rh6 a5 55.
Rxf6 a4 56. Rf8+ Ka7 57. Rg8 a3 58. Rxg5 Rxf2 59. Rh5 Rf1 60. Rh2 b5 61.
Ra2 b4 62. Kg2 Rf4 63. Kg3 Rf1 64. Kg2 Rf4 1/2-1/2

[Event "8th ch-Euro"]
[Site "Dresden GER"]
[Date "2007.04.06"]
[Round "4"]
[White "Schlawin,M"]
[Black "Georgiev,Vl"]
[Result "1/2-1/2"]
[WhiteElo "2306"]
[BlackElo "2525"]
[EventDate "2007.04.03"]

1. e4 e5 2. Nf3 Nc6 3. Bc4 Bc5 4. c3 Nf6 5. d3 O-O 6. O-O d6 7. Nbd2 a6 8.
Bb3 b5 9. Re1 Bb6 10. Nf1 Be6 11. Ng3 Qd7 12. Bc2 d5 13. d4 Nxe4 14. Nxe4
dxe4 15. Bxe4 exd4 16. Bxc6 Qxc6 17. Nxd4 Bxd4 18. Qxd4 Rad8 19. Qh4 Bd5
20. f3 Rd6 21. Bf4 Rg6 22. Bg3 h6 23. a3 Bb3 24. Qf4 Qc5+ 25. Kh1 Rd8 26.
Re5 Qc4 27. Rae1 Kh7 28. R5e4 Qc5 29. Qxc7 Qxc7 30. Bxc7 Rd2 31. R1e2 Rd1+
32. Re1 Rd2 33. R1e2 Rd7 34. Bf4 Rf6 35. Rd2 Rxd2 36. Bxd2 Rd6 37. Rd4 Re6
38. Re4 Rxe4 39. fxe4 Kg6 40. Be3 Bc2 41. e5 Kf5 42. Kg1 Ke4 43. Kf2 a5 44.
Bb6 a4 45. g3 Bb3 46. c4 Bxc4 47. Ba5 Be6 48. Bc3 g6 49. Ke2 h5 50. h4 Bg4+
51. Kf2 Kd3 52. Bb4 Bd1 53. Ba5 Ke4 54. Bc3 Bg4 55. Kg2 Ke3 56. Bb4 Be6 57.
Ba5 Bd5+ 58. Kh2 Kd3 59. Kg1 Ke4 60. Bc3 Kf3 61. Kh2 Kf2 62. Bd4+ Ke2 63.
Bc3 Kf3 64. Bb4 Ke4 65. Bc3 b4 66. Bxb4 Kxe5 67. Bc3+ Ke4 68. Bf6 Kf5 69.
Bc3 g5 70. hxg5 Kxg5 1/2-1/2